Carlos Broschi (Record no. 173817)

MARC details
000 -LEADER
campo de control de longitud fija 00773nam a22001695i 4500
001 - NÚMERO DE CONTROL
campo de control 173817
003 - IDENTIFICADOR DE NÚMERO DE CONTROL
campo de control ES-MaACL
005 - FECHA Y HORA DE LA ÚLTIMA TRANSACCIÓN
campo de control 20230906215344.0
008 - DATOS DE LONGITUD FIJA--INFORMACIÓN GENERAL
campo de control de longitud fija 100122s1853 sp |||| | spa d
100 1# - ENTRADA PRINCIPAL--NOMBRE DE PERSONA
Nombre de persona Guerrero, Teodoro.
9 (RLIN) 148902
245 10 - MENCIÓN DEL TÍTULO
Título Carlos Broschi
Resto del título : zarzuela en tres actos y en verso /
Mención de responsabilidad, etc. original de Teodoro Guerrero ; música de Joaquín Espin y Guillen.
260 ## - PUBLICACIÓN, DISTRIBUCIÓN, ETC.
Lugar de publicación, distribución, etc. Madrid :
Nombre del editor, distribuidor, etc. [s.n.],
Fecha de publicación, distribución, etc. 1853 (
Fabricante Imp. de fue de Operarios, á cargo de Joaquín Muñoz)
300 ## - DESCRIPCIÓN FÍSICA
Extensión 77 p. ;
Dimensiones 18 cm.
500 ## - NOTA GENERAL
Nota general Solo la letra.
700 1# - ENTRADA AGREGADA--NOMBRE PERSONAL
Nombre de persona Espín y Guillén, Joaquín.
9 (RLIN) 142009
852 ## - LOCALIZACIÓN
Ubicación ES-MaACL
Número de control de estantería F-8616(12)
Nota libre .- Enc. pasta española
condición física .- Falto de la cub. original
Nota libre .- Enc. en un vol. facticio formando parte de la col. facticia "Teatro español moderno", vol. 71
Holdings
Estatus retirado Estado de pérdida Estado de daño No para préstamo Colección Biblioteca de origen Biblioteca actual Ubicación en estantería Fecha de adquisición Fuente de adquisición Total de préstamos Signatura topográfica completa Código de barras Visto por última vez Precio de reemplazo Tipo de ítem Koha
        Libros del s. XIX Biblioteca del Ateneo de Madrid Biblioteca del Ateneo de Madrid Sala Pecera Planta 2 22/01/2010     F-8616(12) 1182448 23/02/2023 23/02/2023 Libro impreso antiguo